Welcome to CU Library Online Public Access Catalogue (OPAC)

The shadow of the Almighty : (Record no. 6864)

MARC details
000 -LEADER
fixed length control field 00719cam a22002054a 4500
001 - CONTROL NUMBER
control field 12555600
005 - DATE AND TIME OF LATEST TRANSACTION
control field 20250708125914.0
008 - FIXED-LENGTH DATA ELEMENTS--GENERAL INFORMATION
fixed length control field 011004s2002 miu b 001 0 eng
020 ## - INTERNATIONAL STANDARD BOOK NUMBER
International Standard Book Number 0802839487
Qualifying information pbk. : alk. paper
020 ## - INTERNATIONAL STANDARD BOOK NUMBER
International Standard Book Number 9780802839480
Qualifying information (pbk. : alk. paper)
050 00 - LIBRARY OF CONGRESS CALL NUMBER
Classification number BS2398
Item number .W58 2002
082 00 - DEWEY DECIMAL CLASSIFICATION NUMBER
Classification number 225
Edition information 21
100 1# - MAIN ENTRY--PERSONAL NAME
Personal name Witherington, Ben,
Titles and words associated with a name III,
Dates associated with a name 1951-
245 14 - TITLE STATEMENT
Title The shadow of the Almighty :
Remainder of title Father, Son, and Spirit in biblical perspective /
Statement of responsibility, etc. Ben Witherington III & Laura M. Ice.
260 ## - PUBLICATION, DISTRIBUTION, ETC.
Place of publication, distribution, etc. Grand Rapids, Mich. :
Name of publisher, distributor, etc. William B. Eerdmans Pub.,
Date of publication, distribution, etc. c2002.
300 ## - PHYSICAL DESCRIPTION
Extent xii, 156 p. ;
Dimensions 23 cm.
650 #0 - SUBJECT ADDED ENTRY--TOPICAL TERM
Topical term or geographic name entry element Trinity
General subdivision Biblical teaching.
700 1# - ADDED ENTRY--PERSONAL NAME
Personal name Ice, Laura Michaels,
Dates associated with a name 1964-
942 ## - ADDED ENTRY ELEMENTS (KOHA)
Source of classification or shelving scheme Library of Congress Classification
Koha item type Books
Suppress in OPAC No
999 ## -
-- 6864
-- 6864
Holdings
Withdrawn status Lost status Source of classification or shelving scheme Damaged status Not for loan Collection Home library Current library Shelving location Date acquired Total checkouts Full call number Barcode Date last seen Copy number Price effective from Koha item type
    Library of Congress Classification     Non-fiction Undergraduate Library (Christ Temple) Undergraduate Library (Christ Temple) General stacks 07/08/2025   BS 2398.W53 WIT ulct00003709 07/08/2025 1 07/08/2025 Books
© 2023-2024 Copyright: Central University Libraries. All Rights Reserved | Created by: Mahone Tech Office